Total quality in the construction supply chain (Record no. 104251)
[ view plain ]
| 000 -LEADER | |
|---|---|
| fixed length control field | 01647cam a2200241 4500 |
| 001 - CONTROL NUMBER | |
| control field | ##L129642 |
| 008 - FIXED-LENGTH DATA ELEMENTS--GENERAL INFORMATION | |
| fixed length control field | 050506n2006 000 0 eng u |
| 020 ## - INTERNATIONAL STANDARD BOOK NUMBER | |
| International Standard Book Number | 0750661852 |
| 035 ## - SYSTEM CONTROL NUMBER | |
| System control number | (Sirsi) u129642 |
| 041 0# - LANGUAGE CODE | |
| Language code of text/sound track or separate title | eng |
| 050 04 - LIBRARY OF CONGRESS CALL NUMBER | |
| Classification number | 658.99 $2 18 |
| 100 1# - MAIN ENTRY--PERSONAL NAME | |
| Personal name | Oakland, John |
| 245 00 - TITLE STATEMENT | |
| Title | Total quality in the construction supply chain |
| 260 ## - PUBLICATION, DISTRIBUTION, ETC. | |
| Place of publication, distribution, etc. | Oxford |
| Name of publisher, distributor, etc. | Butterworth-Heinemann |
| Date of publication, distribution, etc. | 2006 |
| 300 ## - PHYSICAL DESCRIPTION | |
| Extent | ix, 527p |
| Other physical details | tables, diagrams |
| Dimensions | 25cm |
| 350 ## - PRICE (NR) (BK AM CF MU VM SE) [OBSOLETE] | |
| Price | 29.99 |
| 505 2# - FORMATTED CONTENTS NOTE | |
| Formatted contents note | Understanding quality -- Models and frameworks for total quality management -- Leadership and commitment -- Policy, strategy and goal deployment -- Partnerships and resources -- Design for quality -- Performance measurement frameworks -- Self-assessment audits and reviews -- Benchmarking -- Process management -- Process redesign -- Quality management systems -- Continuous improvement -- Human resource management -- Culture change through teamwork -- Communications, innovation and learning -- Implementing tqm. |
| 520 ## - SUMMARY, ETC. | |
| Summary, etc. | Examines quality, supply chain, and knowledge management in the construction industry, demonstrating their significance as strategic concepts and illustrating how development goals in each of the areas can be met. Case studies from all areas of the construction industry, drawn from the UK, USA, Hong Kong, Singapore, Australia and Japan, demonstrate how a total quality or business excellence strategy can be applied in all activities in the construction supply chain to achieve world-class performance. |
| 690 ## - LOCAL SUBJECT ADDED ENTRY--TOPICAL TERM (OCLC, RLIN) | |
| Topical term or geographic name as entry element | MANAGEMENT-PROJECT MANAGEMENT-PROGRAMME MANAGEMENT |
| 700 1# - ADDED ENTRY--PERSONAL NAME | |
| Personal name | Marosszeky, Marton |
| 942 ## - ADDED ENTRY ELEMENTS (KOHA) | |
| Suppress in OPAC | 0 |
| Withdrawn status | Lost status | Source of classification or shelving scheme | Damaged status | Not for loan | Home library | Current library | Shelving location | Date acquired | Cost, normal purchase price | Total Checkouts | Full call number | Barcode | Date last seen | Date last checked out | Copy number | Cost, replacement price | Price effective from | Koha item type |
|---|---|---|---|---|---|---|---|---|---|---|---|---|---|---|---|---|---|---|
| Dewey Decimal Classification | London | London | Books | 01/03/2006 | 17.84 | 11 | 658.99 OAK | 30071529 | 06/08/2019 | 14/07/2008 | 1 | 17.84 | 06/08/2019 | Book |